000 00558nam a22001697a 4500
005 20231128122359.0
008 231128b |||||||| |||| 00| 0 eng d
020 _a0880343354 ; 9780880343350
041 _aEnglish
082 _a340.1 COE
100 _aCoerver, H and Byers, M
_lEnglish
245 _aRace for Relevance /
_cH Coerver and M Byers
260 _aWashington, DC :
_bThe Centre for Association Leadership,
_c2011
300 _bviii, 160 pages ;
_c25 cm.
650 _aLegal practice
_bLaw
942 _cBK
_6ALISON_BN_VRIES
999 _c1006
_d1006